Օտարականը : (Record no. 100638)
[ view plain ]
| 000 -LEADER | |
|---|---|
| fixed length control field | 00913nam a2200217 a 4500 |
| 001 - CONTROL NUMBER | |
| control field | 000276212 |
| 003 - CONTROL NUMBER IDENTIFIER | |
| control field | AM-YeHGA |
| 005 - DATE AND TIME OF LATEST TRANSACTION | |
| control field | 20250618071821.0 |
| 008 - FIXED-LENGTH DATA ELEMENTS--GENERAL INFORMATION | |
| fixed length control field | 031024s1970 ai 000 | arm d |
| 040 ## - CATALOGING SOURCE | |
| Original cataloging agency | AM-YeHGA |
| 041 0# - LANGUAGE CODE | |
| Language code of text/sound track or separate title | arm |
| 090 ## - LOCALLY ASSIGNED LC-TYPE CALL NUMBER (OCLC); LOCAL CALL NUMBER (RLIN) | |
| -- | 101954 |
| 100 1# - MAIN ENTRY--PERSONAL NAME | |
| Personal name | Կզնունի, Անտոն |
| 245 10 - TITLE STATEMENT | |
| Title | Օտարականը : |
| Remainder of title | [Վեպ] / |
| Statement of responsibility, etc. | Ա. Կզնունի; Առաջաբ.՝ Ա. Լուսենց; Խմբ.՝ Գ. Բալասանյան; Նկ.՝ Ա. Մամաջանյան. |
| 260 ## - PUBLICATION, DISTRIBUTION, ETC. | |
| Place of publication, distribution, etc. | Երևան : |
| Name of publisher, distributor, etc. | Հայաստան, |
| Date of publication, distribution, etc. | 1970. |
| 300 ## - PHYSICAL DESCRIPTION | |
| Extent | Հ. ; |
| Dimensions | 22 սմ. |
| 505 0# - FORMATTED CONTENTS NOTE | |
| Miscellaneous information | Հ. 1. (1970, 622 էջ, դիմանկ.) |
| -- | Հ. 2. (1977, Սովետական գրող, 509 էջ) |
| 650 14 - SUBJECT ADDED ENTRY--TOPICAL TERM | |
| Topical term or geographic name entry element | Հայ գրականություն |
| General subdivision | Վեպ |
| 700 1# - ADDED ENTRY--PERSONAL NAME | |
| Personal name | Բալասանյան, Գրիգոր Գրիգորի, |
| Dates associated with a name | 1919-2003 |
| Relator term | խմբ. |
| Relationship | edt |
| 9 (RLIN) | 1913 |
| 700 1# - ADDED ENTRY--PERSONAL NAME | |
| Personal name | Մամաջանյան, Աշոտ Պետրոսի, |
| Dates associated with a name | 1908-1994 |
| Relator term | նկ. |
| Relationship | art |
| 9 (RLIN) | 1426 |
| Withdrawn status | Lost status | Damaged status | Not for loan | Collection | Home library | Current library | Date acquired | Serial enumeration / chronology | Total checkouts | Full call number | Barcode | Date last seen | Copy number | Price effective from | Koha item type | Public note |
|---|---|---|---|---|---|---|---|---|---|---|---|---|---|---|---|---|
| General | Fundamental Scientific Library | Fundamental Scientific Library | 22/12/2016 | 1 | AII/46591 | 220046591 | 22/12/2016 | 891.981 | 22/12/2016 | Գրքեր / Books | 30 Days Loan | |||||
| General | Fundamental Scientific Library | Fundamental Scientific Library | 22/12/2016 | 1 | AII/59045 | 220059045 | 22/12/2016 | 891.981 | 22/12/2016 | Գրքեր / Books | 30 Days Loan | |||||
| General | Fundamental Scientific Library | Fundamental Scientific Library | 22/12/2016 | 2 | AII/83193 | 220083193 | 22/12/2016 | 891.981 | 22/12/2016 | Գրքեր / Books | 30 Days Loan |
ՀՀ Գիտությունների ազգային ակադեմիայի հիմնարար գիտական գրադարան = Fundamental Scientific Library of NAS RA
All site content, except where otherwise noted, is licensed under a